000
00304nam a22001337a 4500
008
181011b xxu||||| |||| 00| 0 eng d
020
_a
0312654715
041
_a
eng
080
_a
341
100
_a
15
101
_a
SHJ
245
_a
Public Management and Policy Analysis
_c
Bozeman, B
942
_2
udc
_c
BK
999
_c
49456
_d
49456